[Event "Hollywood Classic 3rd"]
[Site "Los Angeles"]
[Date "2022.08.03"]
[Round "1"]
[White "Tugstumur, Yesuntumur"]
[Black "Munkhchuluun, Tsegmed"]
[Result "1/2-1/2"]
[WhiteElo "2347"]
[BlackElo "1978"]
[PlyCount "118"]
[EventDate "2022.08.03"]
[EventType "swiss"]
[EventRounds "9"]
[EventCountry "USA"]
[SourceTitle "CBM 209 Extra"]
[Source "ChessBase"]
[SourceDate "2022.09.30"]
[SourceVersion "1"]
[SourceVersionDate "2022.09.30"]
[SourceQuality "1"]

1. d4 Nf6 2. c4 e6 3. g3 d5 4. Bg2 Bb4+ 5. Bd2 Be7 6. Nf3 c6 7. Qc2 0-0 8. 0-0 b6 9. Bg5 Nbd7 10. Nbd2 Bb7 11. Rfd1 h6 12. Bxf6 Nxf6 13. e4 dxc4 14. Nxc4 b5 15. Ne3 Qb6 16. e5 Nd5 17. Nxd5 cxd5 18. Qd2 Rac8 19. Rac1 Rxc1 20. Rxc1 Rc8 21. Rxc8+ Bxc8 22. Qc3 Bd7 23. b4 Qc6 24. Qxc6 Bxc6 25. a3 a5 26. bxa5 Bxa3 27. Nd2 Be7 28. Kf1 Kf8 29. Nb3 Ke8 30. Ke2 b4 31. Kd2 Bb5 32. Bf3 Kd7 33. Bh5 g6 34. Bd1 Kc6 35. h4 Bc4 36. h5 gxh5 37. a6 h4 38. Na5+ Kb6 39. a7 Kxa7 40. Nc6+ Kb6 41. Nxe7 h3 42. Ng8 h5 43. Bxh5 Bf1 44. Bg4 Bg2 45. Bxh3 Bxh3 46. Kc2 Kb5 47. Kb3 Bg4 48. Nh6 Bd1+ 49. Kb2 Kc4 50. Nxf7 Kxd4 51. Nd8 Kxe5 52. Nc6+ Ke4 53. Nxb4 Kf3 54. Kc3 Kxf2 55. Kd4 Bf3 56. g4 Kg3 57. g5 Be4 58. Ke5 Kg4 59. Kxe6 Kxg5 1/2-1/2

[Event "San Francisco TNM Winter op"]
[Site "San Francisco"]
[Date "2017.01.31"]
[Round "5"]
[White "Munkhchuluun, Tsegmed"]
[Black "O'Connor, Derek"]
[Result "1-0"]
[WhiteElo "2040"]
[BlackElo "2091"]
[PlyCount "53"]
[EventDate "2017.01.03"]
[EventType "swiss"]
[EventRounds "8"]
[EventCountry "USA"]
[SourceTitle "EXT 2018"]
[Source "ChessBase"]
[SourceDate "2017.10.13"]
[SourceVersion "1"]
[SourceVersionDate "2017.10.13"]
[SourceQuality "1"]

1. d4 Nf6 2. c4 c5 3. Nf3 cxd4 4. Nxd4 e5 5. Nf3 Nc6 6. Nc3 Bb4 7. Bd2 0-0 8. a3 Be7 9. Nd5 e4 10. Ng1 d6 11. Bc3 Bf5 12. e3 Rc8 13. Ne2 Ne5 14. Ng3 Bg6 15. Qd4 Nxd5 16. Qxd5 Rc5 17. Qxb7 Rc7 18. Qb3 Qc8 19. Bxe5 dxe5 20. Be2 f5 21. Nf1 f4 22. Nd2 Bc5 23. Qc3 Rd8 24. b4 Bd4 25. exd4 exd4 26. Qb2 Kh8 27. c5 1-0

[Event "San Francisco TNM Winter op"]
[Site "San Francisco"]
[Date "2017.01.03"]
[Round "1"]
[White "Cunningham, Charles"]
[Black "Munkhchuluun, Tsegmed"]
[Result "0-1"]
[WhiteElo "1453"]
[BlackElo "2040"]
[PlyCount "70"]
[EventDate "2017.01.03"]
[EventType "swiss"]
[EventRounds "8"]
[EventCountry "USA"]
[SourceTitle "EXT 2018"]
[Source "ChessBase"]
[SourceDate "2017.10.13"]
[SourceVersion "1"]
[SourceVersionDate "2017.10.13"]
[SourceQuality "1"]

1. e4 e6 2. a3 d5 3. e5 c5 4. d4 Nc6 5. Bb5 Qa5+ 6. Nc3 cxd4 7. Qxd4 Bd7 8. Bxc6 bxc6 9. Bd2 c5 10. Qf4 Qa6 11. Nge2 Ne7 12. 0-0 Ng6 13. Qg3 d4 14. Ne4 Qxe2 15. Rfe1 Qc4 16. Ng5 Qd5 17. c3 d3 18. c4 Qb7 19. Qxd3 Bc6 20. Qc3 Bxg2 21. f3 Nh4 22. Re4 Nxf3+ 23. Nxf3 Qxe4 24. Kxg2 Be7 25. Kf2 Rd8 26. Re1 Qf5 27. Ke2 0-0 28. Rf1 Qe4+ 29. Be3 Rd7 30. Nd2 Qg4+ 31. Nf3 Rfd8 32. Rg1 Qe4 33. Ng5 Bxg5 34. Rxg5 Rd4 35. Qe1 Rxc4 0-1

[Event "MGL-ch (Women) 46th"]
[Site "Govi Altai"]
[Date "2014.04.08"]
[Round "6"]
[White "Bayarmaa, Bayarjargal"]
[Black "Munkhchuluun, Tsegmed"]
[Result "1-0"]
[WhiteElo "2077"]
[BlackElo "2028"]
[PlyCount "93"]
[EventDate "2014.04.04"]
[EventType "tourn"]
[EventRounds "11"]
[EventCountry "MGL"]
[SourceTitle "CBM 159 Extra"]
[Source "ChessBase"]
[SourceDate "2014.04.24"]
[SourceVersion "1"]
[SourceVersionDate "2014.04.24"]
[SourceQuality "1"]

1. d4 d5 2. c4 c6 3. Nf3 Nf6 4. Nc3 dxc4 5. e4 b5 6. e5 Nd5 7. a4 e6 8. Ng5 h6 9. Nge4 b4 10. Nb1 Ba6 11. Nbd2 Nf4 12. Qg4 Nd3+ 13. Bxd3 cxd3 14. 0-0 Qd5 15. Re1 Nd7 16. Nf3 0-0-0 17. Qf4 Nb6 18. Qxf7 Qd7 19. Qg6 Nd5 20. Bd2 Ne7 21. Qg4 Nf5 22. Rac1 Bb7 23. a5 Nxd4 24. Nxd4 Qxd4 25. a6 Bxa6 26. Qxe6+ Kb8 27. Qxc6 Qb6 28. Qa4 Bb5 29. Qa2 a6 30. Qf7 Qb7 31. Qg6 Be8 32. Qg3 Ka8 33. Nd6 Bxd6 34. exd6 Qd5 35. Re7 Bc6 36. Bxb4 g5 37. Rd1 Qc4 38. Qxd3 Qxd3 39. Rxd3 Bb5 40. Rc3 Rhe8 41. Rcc7 Rxe7 42. Rxe7 Re8 43. Rh7 Re4 44. Bc3 Ra4 45. h3 Ra1+ 46. Kh2 Rd1 47. Rxh6 1-0

[Event "MGL-ch (Women) 46th"]
[Site "Govi Altai"]
[Date "2014.04.04"]
[Round "1"]
[White "Munkhchuluun, Tsegmed"]
[Black "Jargalmaa, Sarantuya"]
[Result "0-1"]
[WhiteElo "2028"]
[BlackElo "1801"]
[PlyCount "88"]
[EventDate "2014.04.04"]
[EventType "tourn"]
[EventRounds "11"]
[EventCountry "MGL"]
[SourceTitle "CBM 159 Extra"]
[Source "ChessBase"]
[SourceDate "2014.04.24"]
[SourceVersion "1"]
[SourceVersionDate "2014.04.24"]
[SourceQuality "1"]

1. d4 d5 2. c4 e6 3. Nf3 Nf6 4. Nc3 Bb4 5. Bg5 Nbd7 6. Qb3 c5 7. Rc1 Qa5 8. Bxf6 Nxf6 9. a3 Bxc3+ 10. Qxc3 Qxc3+ 11. Rxc3 cxd4 12. Nxd4 Bd7 13. e3 Rc8 14. Be2 Ne4 15. Rc2 dxc4 16. Bxc4 Ke7 17. Bd3 Nc5 18. Be2 e5 19. Nf3 Bf5 20. Rc3 Na4 21. Rxc8 Rxc8 22. 0-0 f6 23. b3 Nc3 24. Re1 Nxe2+ 25. Rxe2 Rc3 26. h3 Rxb3 27. Ra2 Rb1+ 28. Kh2 b5 29. Nd2 Rc1 30. Rb2 Bd7 31. e4 Kd6 32. f3 Kc6 33. Kg3 Be6 34. Kf2 a5 35. h4 Rc3 36. Nb1 Rb3 37. Rxb3 Bxb3 38. Ke3 Bc2 39. Nc3 Kc5 40. Kd2 Bb3 41. Kd3 b4 42. axb4+ Kxb4 43. g4 a4 44. g5 a3 0-1

[Event "MGL-ch (Women) 45th"]
[Site "Ulaanbaatar"]
[Date "2013.04.10"]
[Round "8"]
[White "Munkhchuluun, Tsegmed"]
[Black "Battsengel, Shirchin"]
[Result "1-0"]
[WhiteElo "2047"]
[BlackElo "2031"]
[PlyCount "49"]
[EventDate "2013.04.06"]
[EventType "tourn"]
[EventRounds "13"]
[EventCountry "MGL"]
[SourceTitle "CBM 153 Extra"]
[Source "ChessBase"]
[SourceDate "2013.04.22"]
[SourceVersion "1"]
[SourceVersionDate "2013.04.22"]
[SourceQuality "1"]

1. d4 Nf6 2. c4 e6 3. g3 Bb4+ 4. Bd2 Bxd2+ 5. Nxd2 d5 6. Bg2 0-0 7. Ngf3 Nbd7 8. Rc1 c6 9. 0-0 Qa5 10. Qc2 dxc4 11. Nxc4 Qh5 12. b4 Nd5 13. a3 f5 14. e4 fxe4 15. Qxe4 N7f6 16. Qd3 Bd7 17. Rfe1 Rae8 18. Nd6 Re7 19. Nxb7 Ng4 20. Nd6 e5 21. h3 Nh6 22. Rxe5 Rxe5 23. dxe5 Bxh3 24. Bxh3 Qxh3 25. Ng5 1-0

[Event "MGL-ch (Women) 45th"]
[Site "Ulaanbaatar"]
[Date "2013.04.10"]
[Round "7"]
[White "Nomin Erdene, Davaademberel"]
[Black "Munkhchuluun, Tsegmed"]
[Result "1-0"]
[WhiteElo "1792"]
[BlackElo "2047"]
[PlyCount "131"]
[EventDate "2013.04.06"]
[EventType "tourn"]
[EventRounds "13"]
[EventCountry "MGL"]
[SourceTitle "CBM 153 Extra"]
[Source "ChessBase"]
[SourceDate "2013.04.22"]
[SourceVersion "1"]
[SourceVersionDate "2013.04.22"]
[SourceQuality "1"]

1. e4 e6 2. d4 d5 3. e5 c5 4. c3 Qb6 5. Nf3 Nc6 6. a3 Bd7 7. b4 cxd4 8. cxd4 Rc8 9. Be3 Nh6 10. Bd3 Ng4 11. 0-0 Nxe3 12. fxe3 Be7 13. Nbd2 Nb8 14. Nb3 Ba4 15. Qb1 Bxb3 16. Qxb3 0-0 17. Rac1 f5 18. exf6 Rxc1 19. f7+ Rxf7 20. Rxc1 Rf8 21. Qb1 Nd7 22. Bxh7+ Kh8 23. Kh1 e5 24. dxe5 Qxe3 25. Re1 Qf2 26. Rf1 Qe3 27. Qd3 Qxd3 28. Bxd3 g5 29. e6 Nb6 30. Re1 Kg7 31. Ne5 Rf6 32. Ng4 Rf4 33. h3 Rd4 34. Rf1 Rf4 35. Rc1 Bd6 36. Re1 Nc8 37. Re3 Ne7 38. g3 Rf8 39. Kg2 Nc6 40. Bb1 a6 41. Rd3 d4 42. Ba2 Rf5 43. Rd2 Kf8 44. Bb1 Rb5 45. Bd3 Rb6 46. Bc4 Ke7 47. Rf2 Nd8 48. Nh6 Ke8 49. Nf5 Be5 50. Re2 Bf6 51. e7 Rc6 52. exd8Q+ Kxd8 53. Bd5 Rc7 54. Kf2 b6 55. Re6 Bh8 56. Bc6 Rf7 57. g4 Kc7 58. Be8 Rh7 59. Rh6 Rxh6 60. Nxh6 b5 61. Ke2 Bf6 62. Nf7 Kb6 63. Nd6 a5 64. bxa5+ Kxa5 65. Nxb5 Be5 66. Kd3 1-0

[Event "MGL-ch (Women)"]
[Site "Ulaanbaatar"]
[Date "2011.03.30"]
[Round "9"]
[White "Munkhchuluun, Tsegmed"]
[Black "Otgonjargal, Sengeravdan"]
[Result "1-0"]
[WhiteElo "2057"]
[BlackElo "2145"]
[PlyCount "120"]
[EventDate "2011.03.25"]
[EventType "tourn"]
[EventRounds "13"]
[EventCountry "MGL"]
[SourceTitle "CBM 141 Extra"]
[Source "ChessBase"]
[SourceDate "2011.05.03"]
[SourceVersion "1"]
[SourceVersionDate "2011.05.03"]
[SourceQuality "1"]

1. d4 d6 2. c4 Nd7 3. Nc3 e5 4. e4 Ngf6 5. Nf3 Be7 6. Be2 c6 7. 0-0 Qc7 8. Be3 Nf8 9. d5 Ng6 10. Ne1 0-0 11. Nd3 c5 12. f3 Nh5 13. g3 f5 14. exf5 Bxf5 15. Ne4 Rad8 16. Ndf2 Bc8 17. a3 Rfe8 18. Qd2 Nf6 19. Rfc1 Nh8 20. b4 Nf7 21. Bd3 Rf8 22. Qc2 h6 23. Nxf6+ Bxf6 24. Ne4 Be7 25. Qf2 b6 26. b5 Rde8 27. Qd2 Nd8 28. Rf1 Rf7 29. Qg2 Nb7 30. g4 Ref8 31. Ng3 Na5 32. Rab1 Qd8 33. Bg6 Nxc4 34. Bxf7+ Rxf7 35. Bc1 Bg5 36. Qc2 Na5 37. Bd2 Bxd2 38. Qxd2 Rf4 39. Ne2 Rf8 40. Rf2 Qe8 41. Qd3 Bb7 42. Rd1 Qe7 43. Nc3 c4 44. Qe3 Nb3 45. Ne4 Qd7 46. a4 Nd4 47. Rxd4 exd4 48. Qxd4 Rc8 49. Rc2 Qc7 50. Kg2 Rf8 51. Rxc4 Qf7 52. Rc3 Bxd5 53. Nxd6 Qe6 54. Nf5 Rf7 55. Re3 Qd7 56. Qe5 Qb7 57. Ne7+ Rxe7 58. Qxe7 Bxf3+ 59. Kf2 Qxe7 60. Rxe7 Bxg4 1-0

[Event "MGL-ch (Women)"]
[Site "Ulaanbaatar"]
[Date "2010.04.04"]
[Round "3"]
[White "Enkhtuul, Altanulzii"]
[Black "Munkhchuluun, Tsegmed"]
[Result "1-0"]
[WhiteElo "2117"]
[BlackElo "2055"]
[PlyCount "83"]
[EventDate "2010.04.03"]
[EventType "tourn"]
[EventRounds "13"]
[EventCountry "MGL"]
[SourceTitle "EXT 2011"]
[Source "ChessBase"]
[SourceDate "2010.11.26"]
[SourceVersion "1"]
[SourceVersionDate "2010.11.26"]
[SourceQuality "1"]

1. Nf3 c5 2. e4 d6 3. Nc3 Nf6 4. h3 Nc6 5. d3 e6 6. Bg5 Be7 7. Qd2 a6 8. g4 h6 9. Bf4 g5 10. e5 dxe5 11. Bxe5 Nxe5 12. Nxe5 Nd5 13. Bg2 Nf4 14. Be4 Bf6 15. Nc4 Qc7 16. a4 Bd7 17. Bxb7 Ra7 18. Bf3 Bc6 19. Ne4 Be7 20. Qa5 Qxa5+ 21. Nxa5 Bd5 22. 0-0-0 0-0 23. Nd2 Bf6 24. Nac4 Rb8 25. b3 Bd4 26. Rh2 Rab7 27. h4 gxh4 28. Rxh4 Bf6 29. Rh2 Bg5 30. Ne3 Rb4 31. Bxd5 exd5 32. Nf3 Bf6 33. Kd2 Bg7 34. g5 h5 35. Re1 Re8 36. Nh4 Rb7 37. Nhf5 Re5 38. Nxg7 Kxg7 39. Rh4 Ne6 40. f4 Rb4 41. fxe5 Rxh4 42. Nf5+ 1-0

[Event "MGL-ch (Women)"]
[Site "Ulaanbaatar"]
[Date "2009.04.21"]
[Round "13"]
[White "Sarantungalag, Sengeebaatar"]
[Black "Munkhchuluun, Tsegmed"]
[Result "1-0"]
[WhiteElo "2015"]
[BlackElo "2042"]
[PlyCount "69"]
[EventDate "2009.04.11"]
[EventType "tourn"]
[EventRounds "13"]
[EventCountry "MGL"]
[SourceTitle "CBM 130 Extra"]
[Source "ChessBase"]
[SourceDate "2009.07.02"]
[SourceVersion "2"]
[SourceVersionDate "2009.07.15"]
[SourceQuality "1"]

1. e4 e6 2. d4 d5 3. e5 c5 4. c3 Nc6 5. f4 Qb6 6. Nf3 Bd7 7. a3 c4 8. Be2 Na5 9. Nbd2 Ne7 10. Rb1 Qc7 11. Qc2 Nf5 12. Kf2 h5 13. b4 cxb3 14. Qd3 Rc8 15. Nxb3 Nc4 16. Nbd2 Nxa3 17. Bxa3 Bxa3 18. c4 dxc4 19. Qxa3 b5 20. Ra1 Ra8 21. Ne4 a5 22. Rhb1 Bc6 23. Qc5 Qd7 24. Nd6+ Nxd6 25. exd6 f6 26. Nh4 0-0 27. Ng6 Rfe8 28. Bxh5 Rec8 29. Ne7+ Kf8 30. Nxc8 Rxc8 31. Rxa5 c3 32. Ra7 Bb7 33. Rxb7 Rxc5 34. Rxd7 Rxh5 35. Rc7 1-0

[Event "MGL-ch (Women)"]
[Site "Ulaanbaatar"]
[Date "2009.04.16"]
[Round "7"]
[White "Munkhchuluun, Tsegmed"]
[Black "Erdenetsetseg, Baatar"]
[Result "1-0"]
[WhiteElo "2042"]
[BlackElo "1965"]
[PlyCount "85"]
[EventDate "2009.04.11"]
[EventType "tourn"]
[EventRounds "13"]
[EventCountry "MGL"]
[SourceTitle "CBM 130 Extra"]
[Source "ChessBase"]
[SourceDate "2009.07.02"]
[SourceVersion "2"]
[SourceVersionDate "2009.07.15"]
[SourceQuality "1"]

1. d4 d5 2. c4 e5 3. dxe5 d4 4. Nf3 Nc6 5. Bg5 Be7 6. Bxe7 Ngxe7 7. Nbd2 Ng6 8. Nb3 Ngxe5 9. Nxe5 Nxe5 10. Nxd4 0-0 11. e3 c5 12. Nb3 Qb6 13. Qd2 a5 14. Qc3 Ng6 15. Nd2 Qc6 16. Nf3 Bh3 17. Rd1 Rfd8 18. Rxd8+ Rxd8 19. Rg1 Qa4 20. Qb3 Qc6 21. Be2 Bg4 22. h3 Bxf3 23. Bxf3 Qd6 24. Bd5 Ne5 25. Ke2 b5 26. Rd1 bxc4 27. Qc2 Qb8 28. f4 Ng6 29. Qxc4 Kh8 30. b3 Re8 31. Bxf7 Nxf4+ 32. Kf3 Qb7+ 33. Kxf4 Rf8 34. Kg3 Qe7 35. Kh2 Rxf7 36. Qxf7 Qxf7 37. Rd8+ Qg8 38. Rxg8+ Kxg8 39. Kg3 Kf7 40. Kf4 Ke6 41. Ke4 g5 42. g4 h6 43. a4 1-0